000 00372 a2200145 4500
001 169322
020 _a
040 _cMagnum
100 _aLeonard, George
240 1 0 _aEducacao e extase: recuperando o prazer de ensinar e aprender
_lpor
245 1 0 _aEducacao e extase: recuperando o prazer de ensinar e aprender
362 0 _a1899
697 _aGERAL
942 _cBK
999 _c169322
_d169322